Ч. 2; Автоматическое управление электроэнергетическими системами в нормальных и аварийных режимах
| Parent link: | Автоматическое управление электроэнергетическими системами в нормальных и аварийных режимах: учебное пособие/ Р. А. Вайнштейн, В. В. Шестакова, И. М. Кац; Национальный исследовательский Томский политехнический университет (ТПУ), Энергетический институт (ЭНИН), Кафедра электроэнергетических систем (ЭЭС). Ч. 2.— , 2013 |
|---|---|
| Päätekijä: | |
| Yhteisötekijä: | |
| Muut tekijät: | , |
| Yhteenveto: | Заглавие с титульного экрана Электронная версия печатной публикации Режим доступа: из корпоративной сети ТПУ |
| Kieli: | venäjä |
| Julkaistu: |
2013
|
| Aiheet: | |
| Linkit: | http://www.lib.tpu.ru/fulltext2/m/2013/m318.pdf |
| Aineistotyyppi: | Elektroninen Kirja |
| KOHA link: | https://koha.lib.tpu.ru/cgi-bin/koha/opac-detail.pl?biblionumber=247174 |
MARC
| LEADER | 00000nam2a2200000 4500 | ||
|---|---|---|---|
| 001 | 247174 | ||
| 005 | 20250704165622.0 | ||
| 035 | |a (RuTPU)RU\TPU\book\268649 | ||
| 035 | |a RU\TPU\book\268648 | ||
| 090 | |a 247174 | ||
| 100 | |a 20131218d2013 m y0rusy50 ca | ||
| 101 | 0 | |a rus | |
| 102 | |a RU | ||
| 105 | |a a j 001zy | ||
| 135 | |a drcn ---uucaa | ||
| 181 | 0 | |a i | |
| 182 | 0 | |a b | |
| 200 | 0 | |a Ч. 2 | |
| 203 | |a Текст |c электронный | ||
| 210 | |d 2013 | ||
| 300 | |a Заглавие с титульного экрана | ||
| 300 | |a Электронная версия печатной публикации | ||
| 333 | |a Режим доступа: из корпоративной сети ТПУ | ||
| 337 | |a Adobe Reader | ||
| 461 | 1 | |0 247172 |t Автоматическое управление электроэнергетическими системами в нормальных и аварийных режимах |o учебное пособие |f Р. А. Вайнштейн, В. В. Шестакова, И. М. Кац |g Национальный исследовательский Томский политехнический университет (ТПУ), Энергетический институт (ЭНИН), Кафедра электроэнергетических систем (ЭЭС) |v Ч. 2 |d 2013 |9 247172 | |
| 606 | 1 | |a Электроэнергетические системы |x Управление |x Автоматизация |2 stltpush |3 (RuTPU)RU\TPU\subj\21058 |9 46106 | |
| 610 | 1 | |a электронный ресурс | |
| 610 | 1 | |a учебные пособия | |
| 610 | 1 | |a труды учёных ТПУ | |
| 610 | 1 | |a автоматическое управление | |
| 610 | 1 | |a автоматическое регулирование | |
| 610 | 1 | |a синхронные машины | |
| 610 | 1 | |a реактивная мощность | |
| 610 | 1 | |a энергосистемы | |
| 610 | 1 | |a активная мощность | |
| 610 | 1 | |a электростанции | |
| 610 | 1 | |a противоаварийная автоматика | |
| 610 | 1 | |a напряжение | |
| 610 | 1 | |a регулирование | |
| 675 | |a 621.311:658.5.011.56(075.8) |v 3 | ||
| 700 | 1 | |a Вайнштейн |b Р. А. |c специалист в области электроэнергетики |c профессор Томского политехнического университета, доктор технических наук |f 1937- |g Роберт Александрович |9 12191 | |
| 701 | 1 | |a Шестакова |b В. В. |c специалист в области электротехники |c доцент Томского политехнического университета, кандидат технических наук |f 1968- |g Вера Васильевна |9 12439 | |
| 701 | 1 | |a Кац |b И. М. |c специалист в области электроэнергетики |c доцент Томского политехнического университета, кандидат технических наук |f 1983- |g Илья Маркович |9 15784 | |
| 712 | 0 | 2 | |a Национальный исследовательский Томский политехнический университет |c (2009- ) |9 26305 |
| 801 | 2 | |a RU |b 63413507 |c 20140510 |g RCR | |
| 850 | |a 63413507 | ||
| 856 | 4 | |u http://www.lib.tpu.ru/fulltext2/m/2013/m318.pdf | |
| 942 | |c CF | ||